00744cam a22001932 4500001001100000005001700011008004100028020002800069040001500097050001900112100003300131245009300164260002600257300001500283650007500298650007500373650005100448650005100499000000203220151217151837.0070330s xx 000 0 eng d a0199272107 :cKES 5,900 aKABUcKABU 0aHD2755.5b.J661 aJones, Geoffrey.@000015123110aMultinationals and global capitalism :bfrom the nineteenth to the twenty-first century. aOxford :bOUP,c2005. axi, 340 p. 0aInternational business enterprisesxHistoryy19th century.@0000151232 0aInternational business enterprisesxHistoryy20th century.@0000151233 0aCapitalismxHistoryy19th century.@0000151234 0aCapitalismxHistoryy20th century.@0000151235